000 00423nam a2200181Ia 4500
001 4328
005 20260306145747.0
008 260306t1992||||xx |||||||||||||| ||spa||
041 _aESP
082 _a320.9
_bS26E
100 _aSartori, Giovanni
_eAUT
245 0 _aElementos de teoría política
260 _c1992
300 _a321 páginas :
_c26 cm.
650 _aGEN
654 _aCDE
942 _cLIB
_dJUS
_fJUS
_2ddc
_n
999 _c4328
_d4328